LEADER 01025nam a2200229 u 4500 001 000000041270 003 CaOOAMICUS 005 20070226114208.0 008 981125s1962 it u000 u ita u 035 $a10808954 040 $aIPA$bita 100 1 $aCastellino, Giorgio,$cS.D.B.$0(OLS)http://pul/name/2340 245 10$aSapienza babilonese :$braccolta di testi sapienziali tradotti dagli originali /$cG.R. Castellino. 260 $aTorino :$bSocietà editrice internazionale,$c1962. 300 $ax, 113 p. ;$c22 cm 650 4$aReligione assiro-babilonese.$0(OLS)http://pul/subject/3253 850 $aPUL 852 $aPUL$W1$xDP1 Fondo Ciprotti$y59$m1534 F 2$j55940$nBK-PRI$b $qFondi$B55940$CPULBib$Z2$F55940 $H $81 941 1 $a1 961 $aINV: 0691. Fondo Ciprotti 996 $6245$aSapienza babilonese :$braccolta di testi sapienziali tradotti dagli originali$9(OLS)http://pul/title/55698 996 $6260$aTorino :$bSocietà editrice internazionale$9(OLS)http://pul/publisher/48156 LEADER 01799nam a2200313 u 4500 001 000000074997 003 CaOOAMICUS 005 20070226123043.0 008 021220s2001 it u000 u ita u 035 $a10949606 040 $aPUL$bita 100 1 $aMancusi, Vincenzo.$0(OLS)http://pul/name/49746 245 10$aEvoluzione della disciplina ecclesiastica e del diritto penale con particolare riferimento al coordinamento tra il foro interno ed esterno nel Codice di Diritto Canonico del 1917 e del 1983 /$cAlexander Pytler. 260 $aRoma :$bPontificia Università Lateranense,$c2001. 300 $a270 p. ;$c23 cm 490 1 $aTheses ad doctoratum in jure canonico 500 $aIn testa al front.: Pontificia Universitas Lateranensis, Facultas Iuris Canonici. 502 $aThesis (doct.) -- Pontificia Universitas Lateranensis. Facultas Iuris Canonici, 2001. 504 $aBibliografia in nota. 650 4$aDiritto canonico penale.$0(OLS)http://pul/subject/999 710 2 $aPontificia Università Lateranense.$bFacoltà di diritto canonico.$0(OLS)http://pul/name/3179 830 0$aTheses ad doctoratum in iure canonico (Pontificia Università Lateranense).$0(OLS)http://pul/title/3436 850 $aPUL 852 $aPUL$W1$xDP1 Tesi Pon Univ. Lateranense$y41$mTH PUL 928$j96604$nBK-PRI$b $qTesi$B96604$CPULBib$Z2$F96604 $H $81 941 1 $a16 960 $aDiritto penale canonico$9999 961 $aINV: 87167 996 $6245$aEvoluzione della disciplina ecclesiastica e del diritto penale con particolare riferimento al coordinamento tra il foro interno ed esterno nel Codice di Diritto Canonico del 1917 e del 1983$9(OLS)http://pul/title/98362 996 $6260$aRoma :$bPontificia Università Lateranense$9(OLS)http://pul/publisher/47963